000
00212nam a22000977a 4500
999
_c
263559
_d
263558
020
_a
9780545840712
100
_a
Kirby Larson
245
_a
Liberty
260
_a
New York
_b
Scholastic Press
_c
2016.
942
_c
BK